000 01636cam a22004694i 4500
003 PE-LiUPU
005 20250731173458.0
008 150616s1993 cau r 000 0 eng d
020 _a086516259X
035 _a(Sirsi) i9780865162594
040 _aPE-LiUPU
_bspa
_cPE-LiUPU
_erda
049 _aPRUA
082 0 4 _a234.161
_bD139j
_223
100 1 _aDale, James W.,
_eautor.
245 1 0 _aJohannic baptism ΒΑΠΤΙΖΩ :
_ban inquiry into the meaning of the word as determined by the usage of the Holy Scriptures /
_bpor James W. Dale ; nueva introducción por H. Countess.
264 1 _aUSA :
_bBolchazy-Carducci Publishers,
_c1993.
300 _a428 páginas ;
_c23 centímetros.
336 _atext
_2rdacontent
337 _aunmediated
_2rdamedia
338 _avolume
_2rdacarrier
505 0 _aVarious views of John's baptism -- John's Knowledge of Baptizo -- John's Commission -- Places of baptism -- Baptism of the lord Jesus.
526 _aSEG42
526 _aSEG41
526 _aSEG40
526 _aSEG39
526 _aP94
526 _aP87
526 _aP86
526 _aP85
526 _aP77
526 _aP76
526 _aP35
600 1 _aJuan, el Bautista, San
630 0 4 _aBiblia.
_xCrítica, interpretación, etc.
650 1 4 _aBautismo
_xEnseñanza bíblica.
650 2 4 _aBaptizein (palabra griega)
910 _ajck
942 _2ddc
_cBK
_n0
949 _a234.161 D139j
_wDEWEY
_c1
_i40195
_lCCODEBUL1
_mBUL
_r0
_sY
_tBOOK
_u2015-6-16
_xTEOLOGIA
_zUNKNOWN
_0COMPRA
_o.STAFF. Colección Teología
980 _81
_gALBERTO SANCHEZ Responsable de Automatización
999 _c57991
_d57991